000 00743nam a2200229Ia 4500
003 OSt
005 20220925171430.0
006 a|||||r|||| 00| 0
007 ta
008 220923b |||||||| |||| 00| 0 eng d
037 _cGeneral Book
040 _aRTL
_cRTL
_beng
041 _2eng
_aeng
082 _aXa494,12.N8, M0/BB
100 _aLaxmi Shankar Ed.
_9239386
245 0 _aCommerce, business administration, business manage
260 _aBhopal
_bCOR
_c1980
300 _aviii;280p
_ccm.
490 _aCouncil of Oriental Reserach, Publication. National Register of Doctoral Dissertations; Social Sciences,5
942 _hXa494,12.N8, M0/BB
_cGB
_2CC
999 _c482503
_d482503